000 01035nam a22003497a 4500
001 057
003 DO-SdBNP
005 20180219150213.0
007 057
008 151005b 1992 sp a 00| 0 spa d
020 _a8434808315
040 _aBPMSU
_bspa
_cBPMSU
092 _aXXXX
_bXXXX
100 1 _aSouthall, Iván
240 1 0 _aLet the balloon go /
_f1980
_leng
245 1 0 _a¡Suelta el globo! /
_cIván Southall ; ilustraciones A. Albarrán, A. Perera ; traducción Jesús Valiente ; colección dirigida por Marinella Terzi
250 _a11a. ed.
260 _aMadrid :
_bEdiciones SM,
_c1992.
300 _a156 p. :
_bil. ;
_c19 cm.
490 1 _aEl barco de vapor
_v4
521 1 _aA partir de los 12 años
700 1 2 _aTerzi, Marinella
_edir.
700 1 2 _aAlbarrán, A.
_eil.
700 1 2 _aPerera, A.
_eil.
700 1 2 _aValiente, Jesús
_etrad.
830 0 _aBarco de vapor
_n4
_gRoja
830 0 _aRoja
910 _a202
942 _2ddc
_cBK
945 _aInventariado, 2018/ YL
956 _aYLOCKWARD
_b10
_cBPMSU
999 _c8453
_d8453